Footballeurs par lettre L - Statistiques

Statistiques générales
  • Ce quiz a été pris 152 fois
  • Le résultat moyen est 14 sur 20
Statistiques - réponses
Par images Réponse % Correct
Lacazette
98%
Lewandowski
96%
Lukaku
96%
Lloris
95%
Leao
94%
Lampard
91%
Luiz
91%
Lahm
87%
Laporte
83%
Le sommer
81%
Lingard
79%
Lindelof
69%
Locatelli
65%
Leno
64%
Larsson
62%
Landreau
56%
Lallana
48%
lichtsteiner
30%
Lescott
26%
Le tissier
7%
Aucun quiz correspondant
Distribution des résultats
% des personnes avec chaque résultat
Percentile par nombre de réponses
Votre historique - résultats
Vous n’avez pas pris ce quiz